| 000 | 00498nam a2200169 i 4500 | ||
|---|---|---|---|
| 001 | 58277 | ||
| 003 | ES-MaACL | ||
| 005 | 20230906163751.0 | ||
| 007 | t| | ||
| 008 | 031021s1973 sp ||||1| spa d | ||
| 100 | 1 |
_aDuff, Frank. _945891 |
|
| 245 | 1 | 0 |
_aVerdadera devoción a la nación / _cFrank Duff ; [tradujo: Pedro Recuenco]. |
| 260 |
_aEstella (Navarra) : _bVerbo Divino, _c1973. |
||
| 300 |
_a103 p. ; _c19 cm. |
||
| 700 | 1 |
_aRecuenco, Pedro. _995783 |
|
| 852 |
_aES-MaACL _jC-52872 _bR.86219 |
||
| 999 |
_c58277 _d58277 |
||